Formula 1 Driver Picture Quiz - Statistics

General Stats
  • This quiz has been taken 1,092 times
  • The average score is 16 of 24
Answer Stats
Picture Answer % Correct
Lewis Hamilton
99%
Fernando Alonso
97%
Michael Schumacher
97%
Sebastian Vettel
97%
Ayrton Senna
95%
Lando Norris
95%
Alain Prost
90%
Kimi Raikkonen
90%
Jenson Button
88%
Niki Lauda
88%
Mark Webber
85%
Felipe Massa
79%
Nigel Mansell
77%
James Hunt
73%
David Coulthard
66%
Juan Manuel Fangio
63%
Graham Hill
56%
Emerson Fittipaldi
45%
Stirling Moss
31%
Giancarlo Fisichella
29%
Adrian Sutil
20%
Denny Hulme
20%
Johnny Herbert
15%
Olivier Panis
14%
No matching quizzes found
Score Distribution
Percent of People with Each Score
Percentile by Number Answered
Your Score History
You have not taken this quiz